000 00589nam a2200181 i 4500
001 146761
003 ES-MaACL
005 20230906201649.0
007 t|
008 070917s1977 mx bh |||| | spa d
100 1 _aTroncoso, Francisco P.
_9111498
245 1 4 _aLas guerras con las tribus Yaqui y Mayo /
_cFrancisco P. Troncoso.
260 _a[México, D.F.] :
_bInstituto Nacional Indigenista,
_c[1977]
300 _aXV, 342 p., I-IX p., 1 map. pleg. ;
_c22 cm.
595 _aEd. facsímil.
710 2 _aInstituto Nacional Indigenista (México)
_95196
852 _aES-MaACL
_jA-9809
999 _c146761
_d146761